00960 2200277 4500001002100000005001500021035002000036007000300056008004100059020002200100082001100122084001700133100003900150245016800189250001800357260004200375300003600417500008300453650003400536700002500570700001900595700001500614504003100629990001100660990001100671INLIS00000000000333320190609012342 a0010-0619000082ta190609 g 0 ind  a978-979-592-765-5 a297.99 a297.99 MUH i0 aMUHAMMAD, Abdul Azhim Abu An-Nashr1 aIslam di Asia Tengah :bSejarah, Peradaban, dan Kebudayaan /cMuhammad Abdul Azhim Abu An-Nashr; penerjemah, Khalifurrahman Fath, Masturi Irham; editor, Artawijaya aed. Indonesia aJakarta :bPustaka Al-Kautsar,c[s.a] axv, 356 hlm. :bilus. ;c24 cm. aJudul asli : Tarikh Al-Muslimin wa Hadharatuhum fi Asia Wustha wa Bilad Qawqaz 4aISLAM. SEJARAH DI ASIA TENGAH0 aKHALIFURRAHMAN, Fath0 aMASTURI, Irham0 aARTAWIJAYA aBibliografi : hlm. 355-356 a6745 a a6745 b